Muthal sabatham (Record no. 141)

MARC details
000 -LEADER
fixed length control field 00755 a2200241 4500
010 ## - LIBRARY OF CONGRESS CONTROL NUMBER
LC control number TML-30208
020 ## - INTERNATIONAL STANDARD BOOK NUMBER
Terms of availability 350.00
035 ## - SYSTEM CONTROL NUMBER
System control number TM-28444
037 ## - SOURCE OF ACQUISITION
Source of stock number/acquisition D.B.Act / pub /
082 ## - DEWEY DECIMAL CLASSIFICATION NUMBER
Classification number 891.443
090 ## - LOCALLY ASSIGNED LC-TYPE CALL NUMBER (OCLC); LOCAL CALL NUMBER (OCLC)
-- 141
-- 141
100 ## - MAIN ENTRY--PERSONAL NAME
Personal name Ashapurna Devi
245 ## - TITLE STATEMENT
Title Muthal sabatham
Statement of responsibility, etc Ashapurna Devi, tr by Bhuvana Natarajan
246 ## - VARYING FORM OF TITLE
Title proper/short title முதல் சபதம்
250 ## - EDITION STATEMENT
Edition statement 1st ed
260 ## - PUBLICATION, DISTRIBUTION, ETC. (IMPRINT)
Place of publication, distribution, etc Chennai
Name of publisher, distributor, etc Sandhya Pathippagam
Date of publication, distribution, etc 2006
270 ## - ADDRESS
Address Flat A, Neu tech vaibahav,57-53rd st, Ashok Nagar
City Chennai
Postal code 600083
300 ## - PHYSICAL DESCRIPTION
Extent 872p
Dimensions 22cm
650 ## - SUBJECT ADDED ENTRY--TOPICAL TERM
Topical term or geographic name as entry element Bengali Literature
General subdivision Fiction
700 ## - ADDED ENTRY--PERSONAL NAME
Personal name Bhuvana Natarajan
942 ## - ADDED ENTRY ELEMENTS (KOHA)
Koha item type Tamil Bks
Call number prefix 891.443 / ASH
Holdings
Withdrawn status Lost status Source of classification or shelving scheme Damaged status Not for loan Collection code Home library Current library Source of acquisition Cost, normal purchase price Total Checkouts Full call number Barcode Date last seen Copy number Uniform Resource Identifier Cost, replacement price Price effective from Koha item type
    Dewey Decimal Classification   Not For Loan Fiction D.B.Act.Division D.B.Act.Division DBAD/PUB 350.00   891.443 TM-28444 15/09/2008 1 149 350.00 15/09/2008 Tamil Bks

© Delhi Public Library
Hit Counter
free hit counter